Revista Universitaria : (Record no. 21733)

000 -CABECERA
fixed length control field 02573nam a22003377a 4500
003 - IDENTIFICADOR DEL NÚMERO DE CONTROL
control field AR-CdUCM
008 - DATOS DE LONGITUD FIJA--INFORMACIÓN GENERAL
fixed length control field 190425b ||||| |||| 00| 0 spa d
040 ## - FUENTE DE LA CATALOGACIÓN
Agencia/entidad que catalogó originalmente la obra MUNICIPALIDAD PROVINCIAL DEL CUSCO
Entidad que transcribió la catalogación BIBLIOTECA MUNICIPAL DEL CUSCO
082 ## - NÚMERO DE LA CLASIFICACIÓN DECIMAL DEWEY
No. de Clasificación Rev.Univ/N°76/1939
Notacion interna Rev.Univ/N°76/1939
110 ## - ENTRADA PRINCIPAL--NOMBRE DE ENTIDAD CORPORATIVA
Nombre de la institución, jurisdicción como entrada principal Universidad Nacional de San Antonio Abad del Cusco
9 (RLIN) 15942
245 ## - MENCIÓN DE TÍTULO
Título Revista Universitaria :
Resto del título Órgano de la Universidad del Cuzco /
260 ## - PUBLICACIÓN, DISTRIBUCIÓN, ETC.
Lugar de publicación, distribución, etc. Cusco :
Nombre de la editorial, distribuidor, etc. H. G. Rozas,
Fecha de publicación, distribución, etc. 1939.
300 ## - DESCRIPCIÓN FÍSICA
Nº de Páginas Extensión 258 páginas. :
Dimensiones 20 cm.
440 ## - MENCIÓN DE SERIE/PUNTO DE ACCESO ADICIONAL--TÍTULO
Título Revista Universitaria
Número de la parte/sección de una obra Año XXVIII, 1° semestre 1939, N°76
9 (RLIN) 45909
505 ## - NOTA DE CONTENIDO CON FORMATO
Nota de contenido formateada Contenido: Un legado del capitán Garcilaso de la Vega a su hijo natural Gómez Suárez. -- El Inca Garcilaso de la Vega. Miguel Ángel Nieto. -- Inca Garcilaso de la Vega. Alfredo Yépez Miranda. -- Garcilaso de la Vega precursor de los estudios botánicos en el Cuzco. Fortunato L. Herrera. -- El indio problema nacional. Rafael Larco Herrera. -- Apoteosis a Garcilaso poema. Hugo Flórez U. -- Personalidad del Inca Garcilaso de la Vega padre de las letras americanas. Luis de Zulueta. -- La vida en España de don Gómez Suárez de Figueroa. Luis Alberto Sánchez. -- Garcilaso de la Vega el hombre del doble destino. Rosa Arciniega. -- Inca Garcilaso de la Vega boceto dramático. Edmundo Delgado Vivanco. -- El oro de América y el Inca Garcilaso de la Vega. Julian Santisteban Ochoa. -- Cervantes y el Inca Garcilaso. A. Miro Quesada S. -- Conferencia en homenaje a Garcilaso. Luis A. Pardo. -- Elogio de Garcilaso de la Vega. José Gabriel Cosío. -- El Inca Garcilaso de la Vega. Gonzalo Zaldumbide. -- Garcilaso de la Vega Chimpu Ocllo. Manuel E. Cuadros. -- Dos cantos al Inca Garcilaso de la Vega y Chimpu Occllo. Baltazar Jara y Eguileta. -- El IV Centenario del Inca Garcilaso de la Vega. Carlos Ríos Pagaza. -- Garcilaso símbolo y simiente. Daniel E. Castillo.
650 ## - PUNTO DE ACCESO ADICIONAL DE MATERIA--TÉRMINO DE MATERIA
Descriptor Cronistas
9 (RLIN) 1200
650 ## - PUNTO DE ACCESO ADICIONAL DE MATERIA--TÉRMINO DE MATERIA
Descriptor Inca Garcilaso de la Vega
9 (RLIN) 300
700 ## - PUNTO DE ACCESO ADICIONAL--NOMBRE DE PERSONA
Nombre Personal Yépez Miranda, Alfredo
9 (RLIN) 4230
700 ## - PUNTO DE ACCESO ADICIONAL--NOMBRE DE PERSONA
Nombre Personal Herrera, Fortunato L
9 (RLIN) 31237
700 ## - PUNTO DE ACCESO ADICIONAL--NOMBRE DE PERSONA
Nombre Personal Sánchez, Luis Alberto
9 (RLIN) 45910
700 ## - PUNTO DE ACCESO ADICIONAL--NOMBRE DE PERSONA
Nombre Personal Delgado Vivanco, Edmundo
9 (RLIN) 25661
700 ## - PUNTO DE ACCESO ADICIONAL--NOMBRE DE PERSONA
Nombre Personal Arciniega, Rosa
9 (RLIN) 28297
700 ## - PUNTO DE ACCESO ADICIONAL--NOMBRE DE PERSONA
Nombre Personal Santisteban Ochoa, Julián
9 (RLIN) 29993
700 ## - PUNTO DE ACCESO ADICIONAL--NOMBRE DE PERSONA
Nombre Personal Cosío, José Gabriel
9 (RLIN) 11720
700 ## - PUNTO DE ACCESO ADICIONAL--NOMBRE DE PERSONA
Nombre Personal Pardo, Luis A
9 (RLIN) 25736
700 ## - PUNTO DE ACCESO ADICIONAL--NOMBRE DE PERSONA
Nombre Personal Ríos Pagaza, Carlos
9 (RLIN) 45911
710 ## - PUNTO DE ACCESO ADICIONAL--NOMBRE DE ENTIDAD CORPORATIVA
Nombre corporativo (En letras Mayúsculas) Universidad Nacional de San Antonio Abad del Cusco
9 (RLIN) 15942
942 ## - ELEMENTOS DE PUNTO DE ACCESO ADICIONAL (KOHA)
Fuente de clasificación
Tipo de item Revistas cusqueñas
945 ## - PROCESAMIENTO DE INFORMACIÓN LOCAL (OCLC)
Catalogador rac
Holdings
Estado de retiro (separado) Fuente de clasificación o esquema de estanterías Estado dañado Ubicación Sala donde se ubica Nombre de la colección Fecha de adquisición o compra Costo, precio normal en soles Signatura topográfica Código de Barras Última vez visto (Koha) Tipo de ítem (Koha)
No     Sala Hemeroteca Sala Hemeroteca Book Cart 2021-04-26 10.00 Rev.Univ/N°76/1939 REVC000065 2021-04-26 Revistas cusqueñas
No     Sala Hemeroteca Sala Hemeroteca Book Cart 2021-04-26 10.00 Rev.Univ/N°76/1939/e.2 REVC000066 2021-04-26 Revistas cusqueñas
No     Sala Hemeroteca Sala Hemeroteca Book Cart 2021-04-26 10.00 Rev.Univ/N°76/1939/e.3 REVC000067 2021-04-26 Revistas cusqueñas

Powered by Koha